LEADER 00900nam0-22002531i-450- 001 990005892510403321 035 $a000589251 035 $aFED01000589251 035 $a(Aleph)000589251FED01 035 $a000589251 100 $a--------d1969----km-y0itay50------ba 101 0 $aita 105 $aa-------00--- 200 1 $a<>lingua italiana e i dialetti$eLombardia, Emilia Romagna, le tre Venezie, Piemonte e Liguria, Toscana, Umbria e Marche, il Lazio, Sardegna, Abruzzo e Molise, Campania e Puglie, Basilicata e Calabria, Sicilia$fTullio De Mauro 210 $aFirenze$cLa Nuova Italia$d1969 215 $a11 fascicoli$d24 cm 700 1$aDe Mauro,$bTullio$f<1932- >$0132346 801 0$aIT$bUNINA$gRICA$2UNIMARC 901 $aBK 912 $a990005892510403321 952 $aBIB. BAT. 117(1-11)$b5032$fBAT 959 $aBAT 996 $aLingua italiana e i dialetti$9563115 997 $aUNINA LEADER 01529nam0-22003971i-450- 001 990005528840203316 005 20050711120000.0 035 $a000552884 035 $aUSA01000552884 035 $a(ALEPH)000552884USA01 035 $a000552884 100 $a20050711d1982-------|0enac50------ba 101 $aeng 102 $aIT 105 $a|||| ||||| 200 1 $aA generalized internal rate of return depending on the cost of capital$fSandro Gronchi 210 $aSiena$cFacoltà di scienze economiche e bancarie-Università degli studi$d1982 215 $a37 p.$d25 cm. 225 2$aQuaderni dell'Istituto di economia, Università degli studi di Siena, Facoltà di scienze economiche e bancarie. - Siena$v14 410 1$12001$aQuaderni dell'Istituto di economia, Università degli studi di Siena, Facoltà di scienze economiche e bancarie. - Siena$v14 606 $aInteressi$xTasso$2FI 620 $dSiena 676 $a332.8$cINTERESSE E SCONTO$v21 700 1$aGRONCHI,$bSandro$0123116 712 $aUniversità degli studi di Siena , Facoltà di Scienze Economiche e Bancarie 801 $aIT$bSOL$c20120104 912 $a990005528840203316 950 $aDIP.TO SCIENZE ECONOMICHE - (SA)$dDS 300 332.8 GRO$e2694 DISES 951 $a300 332.8 GRO$b2694 DISES 959 $aBK 969 $aDISES 979 $c20121027$lUSA01$h1532 979 $c20121027$lUSA01$h1613 996 $aGeneralized internal rate of return depending on the cost of capital$91032543 997 $aUNISA NUM $aUSA14755